The art of caricature /

Bibliographic Details
Main Author: Lucie-Smith, Edward
Format: Book
Language:English
Published: Ithaca, N.Y. : Cornell University Press, 1981.
Subjects:

MARC

Tag First Indicator Second Indicator Subfields
LEADER 00000cam a2200000 a 4500
001 in00000097735
005 20150924085440.0
008 820205s1981 nyua b 00110 eng
010 |a  81066152  
019 |a 7982136 
020 |a 0801414377 
035 |a (OCoLC)07954074 
035 |9 AAK9361AM 
039 0 |a 2  |b 3  |c 3  |d 3  |e 3 
040 |a DLC  |c DLC  |d TXA  |d UtOrBLW 
049 |a TXAM  |c [1562160] 
050 0 0 |a NC1325  |b  L8 1981 
082 0 |a 741.5  |2 19 
100 1 |a Lucie-Smith, Edward. 
245 1 4 |a The art of caricature /  |c Edward Lucie-Smith. 
264 1 |a Ithaca, N.Y. :  |b Cornell University Press,  |c 1981. 
300 |a 128 pages :  |b illustrations ;  |c 29 cm. 
336 |a text  |b txt  |2 rdacontent 
337 |a unmediated  |b n  |2 rdamedia 
338 |a volume  |b nc  |2 rdacarrier 
500 |a Includes index. 
504 |a Bibliography: page 126. 
650 0 |a Caricature  |x History. 
999 |a MARS 
999 f f |s a6895425-516d-37aa-a431-e7604eaa5a3d  |i 2ea984ac-7990-3017-8bd4-596e47c1f034  |t 0 
952 f f |p normal  |a Texas A&M University  |b College Station  |c Sterling C. Evans Library  |d Evans: Library Stacks  |t 0  |e NC1325 L8 1981  |h Library of Congress classification  |i unmediated -- volume  |m A14806021263 
998 f f |a NC1325 L8 1981  |t 0  |l Evans: Library Stacks